000 00763nam a2200217 i 4500
001 112545
003 ES-MaACL
005 20250907063101.0
007 t|
008 061121s1959 sp r ||||1| spa d
100 1 _aOrtí Belmonte, Miguel Angel,
_d1891-1973
_987527
245 1 0 _aEpiscopologio cauriense /
_cpor el profesor Miguel Angel Ortí Belmonte.
260 _aCáceres :
_bDiputación Provincial,
_c1959.
300 _a222 p., XII lám. ;
_c24 cm.
490 1 _aEstudios extremeños
650 4 _aObispos-
_zCáceres (Provincia)-
_xBiografías.
_9157775
651 4 _aCáceres (Provincia)-
_xHistoria eclesiástica.
_9157776
830 0 _aEstudios extremeños
_9233137
852 _aES-MaACL
_jC-17424
_bR.45593
999 _c112545
_d112545